000 00513nam a22001817a 4500
005 20230403160317.0
008 230125b |||||||| |||| 00| 0 eng d
020 _a978-084939015-9
041 _aeng
082 _a615.1 AUG -P
100 _aAUGSBURGER, LARRY L AND HOAG , STEPHEN W.
_97736
245 _aPHARMACEUTICAL DOSAGE FORM RETIONAL DESIGN AND FORMULATION VOL- 2
250 _a3rd ed.
260 _bINFORMA HEALTH CARE
300 _a546;P.
650 _aPHARMACY
_xB.PHARMA
_97737
942 _cBK
999 _c8217
_d8215